Temperate and subtropical fruit production
Guardat en:
| Autor principal: | |
|---|---|
| Format: | Llibre |
| Idioma: | anglès |
| Publicat: |
Wellington
Butterworths Horticultural Books
1986
|
| Matèries: | |
| Etiquetes: |
Afegir etiqueta
Sense etiquetes, Sigues el primer a etiquetar aquest registre!
|
MARC
| LEADER | 00000nam a2200000 a 4500 | ||
|---|---|---|---|
| 001 | UCV7327 | ||
| 003 | CL-VaPUC | ||
| 008 | 910805e19860000NZ |||||||||||||||||eng|d | ||
| 082 | 0 | 4 | |a 634.6 |b JAC |2 21 |
| 100 | |a Jackson, David Ian |e author |9 575771 | ||
| 245 | 1 | 0 | |a Temperate and subtropical fruit production |
| 300 | |a 294 p | ||
| 942 | |c BK | ||
| 945 | |d 19910805 00:00:00 | ||
| 260 | |a Wellington |b Butterworths Horticultural Books |c 1986 | ||
| 650 | 0 | |a Frutas |9 259500 | |
| 650 | 7 | |a FRUTICULTURA MANUALES |2 CL-VaPUC |9 264617 | |
| 651 | 7 | |a NUEVA ZELANDIA |2 CL-VaPUC |9 264331 | |
| 583 | |a last modification |c 19910805 00:00:00 |k Rodrigo Vera | ||
| 999 | |c 213024 |d 213022 | ||